00401nam a2200169Ia 4500003000400000005001700004008004100021020001500062050002400077100001300101245002800114260003500142300003300177440000600210521000700216526000800223OSt20140425133635.0140130s9999 xx 000 0 und d a0590132156 aPZ 7b.F8373To 1994 aFox, Mem cMem Fox.aTough Boris / bScholastic,c1994.aNew York : a30 p. :bcol. ill. ;c25 cm. v1 aG1 c190